| Tag |
First Indicator |
Second Indicator |
Subfields |
| LEADER |
00000cam a2200000 a 4500 |
| 001 |
in00000018467 |
| 005 |
20151007053241.0 |
| 008 |
870714s1988 nju b 10100 eng |
| 010 |
|
|
|a 87020611
|
| 020 |
|
|
|a 0691073198 (alk. paper) :
|c $38.00
|
| 035 |
|
|
|a (OCoLC)16406164
|
| 035 |
|
|
|9 AAB0963AM
|
| 040 |
|
|
|a DLC
|c DLC
|d UtOrBLW
|
| 049 |
|
|
|a TXAM
|c [A11465391]
|
| 050 |
0 |
0 |
|a B799
|b .I53 1988
|
| 082 |
0 |
|
|a 100
|2 19
|
| 245 |
0 |
0 |
|a Interpreting across boundaries :
|b new essays in comparative philosophy /
|c edited by Gerald James Larson and Eliot Deutsch.
|
| 264 |
|
1 |
|a Princeton, N.J. :
|b Princeton University Press,
|c [1988]
|
| 264 |
|
4 |
|c ©1988
|
| 300 |
|
|
|a ix, 316 pages ;
|c 22 cm.
|
| 336 |
|
|
|a text
|b txt
|2 rdacontent
|
| 337 |
|
|
|a unmediated
|b n
|2 rdamedia
|
| 338 |
|
|
|a volume
|b nc
|2 rdacarrier
|
| 500 |
|
|
|a Papers from a conference sponsored by the Society for Asian and Comparative Philosophy in 1984.
|
| 504 |
|
|
|a Includes bibliographical references and index.
|
| 650 |
|
0 |
|a Philosophy, Comparative
|v Congresses.
|
| 700 |
1 |
|
|a Larson, Gerald James.
|
| 700 |
1 |
|
|a Deutsch, Eliot.
|
| 710 |
2 |
|
|a Society for Asian and Comparative Philosophy.
|
| 999 |
|
|
|a MARS
|
| 999 |
f |
f |
|s 8a9a37b1-bfbd-3251-879a-44812dfb0040
|i 1857b64d-f226-3c32-9dca-96a29bf6ba1f
|t 0
|
| 952 |
f |
f |
|p ric
|a Texas A&M University
|b Rellis Campus
|c Joint Library Facility
|d Remote Storage
|t 0
|e B799 .I53 1988
|h Library of Congress classification
|i unmediated -- volume
|m A14811465391
|
| 998 |
f |
f |
|a B799 .I53 1988
|t 0
|l Remote Storage
|